Normal view
MARC view
- الاسلام والاشتراكية- الاسلام والمذاهب السياسية
Entry Topical Term
001 - CONTROL NUMBER
- control field: 18283
003 - CONTROL NUMBER IDENTIFIER
- control field: JO-AjAnu
005 - DATE AND TIME OF LATEST TRANSACTION
- control field: 20230606073219.0
008 - FIXED-LENGTH DATA ELEMENTS
- fixed length control field: 230606|| aca||aabn | a|a d
040 ## - CATALOGING SOURCE
- Original cataloging agency: JO-AjAnu
- Transcribing agency: JO-AjAnu
150 ## - HEADING--TOPICAL TERM
- Topical term or geographic name entry element: الاسلام والاشتراكية- الاسلام والمذاهب السياسية
670 ## - SOURCE DATA FOUND
- Source citation: Work cat.: (JO-AjAnu)9384: البدري، عبد العزيز, author 18282, حكم الإسلام في الإشتراكية